00573nam a2200181Ia 4500008004100000100002200041245002300063245002100086260004000107260000900147300003000156440006200186650000900248650002000257650002100277999001900298952007400317190813s9999 xx 000 0 und d aLeishear, Chrissy aSailboat collages/ cChrissy Leishear bPublisher's Development Corporation c2018 aPages 26-27, October 2018 aArts and Activities: Paper, cardboard and collagev164: 2 aArts aArts -- collage aArts -- Sailboat c362032d362032 001040aLUXbLUXd2019-08-13l0r2019-08-13 00:00:00w2019-08-13ySE